| 000 | 00708 a2200181 4500 | ||
|---|---|---|---|
| 003 | Nust | ||
| 005 | 20170207154015.0 | ||
| 035 | _a005.43 | ||
| 040 | _cNust | ||
| 082 | _bGoldt, Sven | ||
| 245 |
_aThe Linux Programmer’s Guide Linux (E-BOOK) _cSven Goldt |
||
| 260 | _c1995 | ||
| 300 | _a131 p | ||
| 440 | _aVersion 0.4 | ||
| 505 | _a The Linux operating system (page-7) The Linux kernel (page-9) The Linux libc package (page-11) System calls (page-13) The “swiss army knife” ioctl (page-15) Linux Interprocess Communications (page-17) Sound Programming (page-69) Character Cell Graphics (page-71) Porting Applications to Linux (page-119) | ||
| 650 | _aLinux Programmer’s Guide | ||
| 651 | _aE-BOOK | ||
| 942 |
_2ddc _cBK |
||
| 999 |
_c191403 _d191403 |
||